000 00387nam a2200145Ia 4500
008 231217s9999 xx 000 0 und d
041 _aEnglish
082 _a001.6424C HAR;1 `R'
100 _aHarrington, Jan L
245 0 _aC++ and the object-oriented paradigm( An IS perspective)
260 _c1995
_bNew York : John Wiley,
300 _axx+458
650 _aC++
942 _cAA
999 _c168170
_d168170